Giocare e giocare troppo. Le dimensioni del fenomeno nella Valdinievole (Record n. 207147)
[ formato base ]
| 000 -LEADER | |
|---|---|
| fixed length control field | 00714npc a2200217Ia 4500 |
| 001 - CONTROL NUMBER | |
| control field | dg82-37333 |
| 003 - CONTROL NUMBER IDENTIFIER | |
| control field | IT-MiCISF |
| 008 - FIXED-LENGTH DATA ELEMENTS--GENERAL INFORMATION | |
| fixed length control field | 161014s9999||||xx | und|| |
| 040 ## - CATALOGING SOURCE | |
| Original cataloging agency | IT-MiCISF |
| Transcribing agency | IT-MiCISF |
| 041 ## - LANGUAGE CODE | |
| Language code of text/sound track or separate title | it |
| 999 ## - SYSTEM CONTROL NUMBERS (KOHA) | |
| Koha Dewey Subclass [OBSOLETE] | si |
| 100 ## - MAIN ENTRY--PERSONAL NAME | |
| Personal name | Giangrandi Chiara |
| 245 #0 - TITLE STATEMENT | |
| Title | Giocare e giocare troppo. Le dimensioni del fenomeno nella Valdinievole |
| 250 ## - EDITION STATEMENT | |
| Edition statement | 1a ed. |
| 260 ## - PUBLICATION, DISTRIBUTION, ETC. (IMPRINT) | |
| Place of publication, distribution, etc. | Pistoia |
| Name of publisher, distributor, etc. | Azienda USL 3 Pistoia; Osservatorio di Epidemiologia Regione Toscana |
| Date of publication, distribution, etc. | 2002 |
| 300 ## - PHYSICAL DESCRIPTION | |
| Extent | pp. 44 |
| 500 ## - GENERAL NOTE | |
| General note | Micheli C., Bartolini C., Cipriani F., Aquilini F., Casotto V., Voller F., Buiatti E. # / società, tempo-libero / |
| 650 ## - SUBJECT ADDED ENTRY--TOPICAL TERM | |
| Topical term or geographic name as entry element | società |
| 700 ## - ADDED ENTRY--PERSONAL NAME | |
| Personal name | AA.VV. |
| 942 ## - ADDED ENTRY ELEMENTS (KOHA) | |
| Koha item type | DOCUMENTI |
| 957 ## - | |
| -- | 1 |
| 999 ## - SYSTEM CONTROL NUMBERS (KOHA) | |
| -- | 1 |
| Withdrawn status | Lost status | Damaged status | Not for loan | Home library | Current library | Date acquired | Total Checkouts | Full call number | Date last seen | Price effective from | Koha item type | Public note |
|---|---|---|---|---|---|---|---|---|---|---|---|---|
| Buone Condizioni | Not For Loan | CISF - Milano | CISF - Milano | 14/10/2016 | dg82-37333 | 14/10/2016 | 14/10/2016 | DOCUMENTI | Data import 15.10.2016 / by Epidotti, Vaglietti |